Library Banner

The 3-Day energy fast : Cleanse your body, clear your mind, (Record no. 11695)

MARC details
000 -LEADER
fixed length control field 00453nam a2200181Ia 4500
001 - CONTROL NUMBER
control field 10734
008 - FIXED-LENGTH DATA ELEMENTS--GENERAL INFORMATION
fixed length control field 140331s9999 xx 000 0 und d
020 ## - INTERNATIONAL STANDARD BOOK NUMBER
International Standard Book Number 0-06-017491-9
040 ## - CATALOGING SOURCE
Transcribing agency PK-LaUMT
082 ## - DEWEY DECIMAL CLASSIFICATION NUMBER
Classification number 613
Item number SER-T
100 ## - MAIN ENTRY--PERSONAL NAME
Personal name Serure, Pamela
245 ## - TITLE STATEMENT
Title The 3-Day energy fast : Cleanse your body, clear your mind,
Statement of responsibility, etc Serure, Pamela
260 ## - PUBLICATION, DISTRIBUTION, ETC. (IMPRINT)
Date of publication, distribution, etc 1997
300 ## - PHYSICAL DESCRIPTION
Extent 248 p.
546 ## - LANGUAGE NOTE
Language note EN
650 ## - SUBJECT ADDED ENTRY--TOPICAL TERM
Topical term or geographic name as entry element Fasting-Health aspects
942 ## - ADDED ENTRY ELEMENTS (KOHA)
Koha item type Books
Holdings
Withdrawn status Lost status Damaged status Not for loan Home library Current library Date acquired Total Checkouts Full call number Barcode Date last seen Price effective from Koha item type
        UMT Main Campus UMT Main Campus 2014-03-31   613 SER-T 12343 2014-04-21 2014-04-21 Books